01016nam a2200229 a 450000100100000000500170001000800410002702000150006804000250008310000500010824501560015826000270031430000210034149000350036250000510039750400280044850400730047671000730054983000420062295201050066499900170076900004101520201002034543.0130913s1987 sp 000 0 spa d a8400065638 aDO-SdBNPbspacBNPHU1 aLópez-Ocón Cabrera, Leonciod1956-96747810aBiografía de la "América" :buna crónica hispano-americana del liberalismo democrático español (1857-1886) /cLeoncio López-Ocón Cabrera. aMadrid :bCSIC,c1987. a215 p. ;c24 cm.1 aTierra nueva e cielo nuevov21 aV centenario del descubrimiento de América." aBibliografía 209-215. aIncluye referencias bibliográficas y notas al pie de las páginas2 aConsejo Superior de Investigaciones Científicas, (España)963834 0aTierra nueva e cielo nuevov21915388 001050718MOaGRbGRcCTd2013-09-13iLF1l0o p41015-10r2020-06-25w2020-06-25y1ZNo se presta c40505d40505